| 000 | 00669nam a2200217Ia 4500 | ||
|---|---|---|---|
| 003 | OSt | ||
| 005 | 20220927105402.0 | ||
| 006 | a|||||r|||| 00| 0 | ||
| 007 | ta | ||
| 008 | 220926b |||||||| |||| 00| 0 eng d | ||
| 024 | _a190244 | ||
| 037 | _cReference Collections | ||
| 040 |
_aRTL _cRTL _beng |
||
| 041 |
_2eng _aeng |
||
| 082 | _a"X9.2.N74<--N73, P2" | ||
| 245 | 0 |
_aAnnual survey of Industries 1973-74 to 1997-98 _b A database on the industrial sector in India |
|
| 260 |
_aMUBAI _bEPW research Foundation _c2002 |
||
| 300 |
_a1167 _ccm. |
||
| 942 |
_h"X9.2.N74<--N73, P2" _cCC |
||
| 999 |
_c692243 _d692243 |
||